| 000 | 00826nam a2200313Ia 4500 | ||
|---|---|---|---|
| 008 | 180313s9999 xx 000 0 und d | ||
| 020 | _a9781629914794 | ||
| 050 | _bGS FIC S857gr 2016 bk 6 | ||
| 100 | _aStilton, Geronimo | ||
| 245 | _aThea sisters and the mystery at sea / | ||
| 245 | _cby Geronimo Stilton. | ||
| 260 | _aNew York, New York : | ||
| 260 | _bScholastic Inc., | ||
| 260 | _c2016 | ||
| 300 | _a50 pages : | ||
| 300 | _bcolored illustrations ; | ||
| 300 | _c23cm. | ||
| 440 | _aThea Stilton ; | ||
| 440 | _vvol 6. | ||
| 650 | _aMice -- | ||
| 650 | _aSisters -- | ||
| 650 | _aStilon, Thea -- | ||
| 650 | _xComic books, strips, etc. | ||
| 650 | _xComic books, strips, etc. | ||
| 650 | _xComic books, strips, etc. | ||
| 650 | _xGraphic novel. | ||
| 700 | _aSeries. | ||
| 700 | _aTitle. | ||
| 999 |
_c356237 _d356237 |
||